Ḥadith Bukhārī (Record no. 85235)

MARC details
000 -LEADER
fixed length control field 00750cam a22002411 4500
001 - CONTROL NUMBER
control field sa 68013644
003 - CONTROL NUMBER IDENTIFIER
control field DLC
005 - DATE AND TIME OF LATEST TRANSACTION
control field 20260227112623.0
008 - FIXED-LENGTH DATA ELEMENTS--GENERAL INFORMATION
fixed length control field 890925s1960 io 000 0 ara
010 ## - LIBRARY OF CONGRESS CONTROL NUMBER
LC control number sa 68013644
035 ## - SYSTEM CONTROL NUMBER
System control number (OCoLC)23494036
040 ## - CATALOGING SOURCE
Original cataloging agency DLC
Transcribing agency MiU
Modifying agency DLC
041 0# - LANGUAGE CODE
Language code of text/sound track or separate title araind
050 00 - LIBRARY OF CONGRESS CALL NUMBER
Classification number BP135.A124
Item number I5 1960
100 1# - MAIN ENTRY--PERSONAL NAME
Personal name Bukhārī, Muḥammad ibn Ismāʻīl,
Dates associated with a name 810-870.
245 10 - TITLE STATEMENT
Title Ḥadith Bukhārī
Remainder of title Ditardjamahkan oleh Wardie dan Djuman.
250 ## - EDITION STATEMENT
Edition statement Tjet. 6.
260 ## - PUBLICATION, DISTRIBUTION, ETC.
Place of publication, distribution, etc. Jogjakarta,
Name of publisher, distributor, etc. Penjiaran Islam,
Date of publication, distribution, etc. 1960.
300 ## - PHYSICAL DESCRIPTION
Extent 2 v. (1250 p.)
Dimensions 25 cm.
500 ## - GENERAL NOTE
General note Arabic and Indonesian in parallel columns: Arabic text vocalized.
500 ## - GENERAL NOTE
General note An abridgment of al-Jāmiʻ al-ṣaḥīḥ.
650 #0 - SUBJECT ADDED ENTRY--TOPICAL TERM
Topical term or geographic name entry element Hadith

No items available.

Powered by Koha